000 00587nam a2200205Ia 4500
003 GCL
008 140319s9999 xx 000 0 ara d
040 _aGCL /
_cGCL
082 0 4 _a953.0716
_bس ث
100 1 _aسيمون الحايك
245 1 0 _aثريا الرومية أو أستسلام غرناطة /
_cسيمون الحايك
260 _a[S.N] :
_bلا يوجد ،
_c1988
300 _a331 ص
490 _a
650 0 4 _aالاندلس
650 0 4 _aالتاريخ الاسلامى
650 0 4 _aغرناطة
650 0 4 _aثريا الرومية
942 _2ddc
_cBK
999 _c35425
_d35425